000 00355 a2200109 4500
082 _a553.7909 NAZ
100 _aNazir Ahmed, Dr.
245 _aGroundwater resources of pakistan /
_cDr. Nazir Ahmed
250 _aRevised & Enlarged Edition
260 _aLahore :
_bShahzad Nazir,
_c1995
300 _avaries pages :
_bill., some col. ;
_c24 cm.
650 _aGroundwater resources -- Pakistan
999 _c694
_d694